000 00733nam a2200229 a 4500
999 _c1135
_d1135
008 191129r20062009ii ad||g||||| 00| 0 eng d
020 _a9788177588347
_cRs. 450.00
040 _aKO
_beng
041 0 _aeng
044 _aii
082 0 4 _223
_a658.5
_bC4662
100 1 _aChristopher, Martin
245 1 0 _aLogistics and Supply Chain Management :
_bstrategies for reducing cost and improving service /
_cMartin Christopher
250 _a2nd ed.
260 _aNoida :
_bDorling Kindersley (India) Pvt. Ltd. (Pearson Education) ,
_c2006, reprinted 2009
300 _a304 p. :
_bill. ;
_c24 cm.
504 _aIncludes Index.
650 0 _aBusiness logistics
_xManagement
_vTextbooks
904 _aA_BOSE
942 _cBK